Jákob háza Magyarországon a zsidó női vallásosság alakulása 19. században /

Religiosity of Jewish women underwent a tremendous change during the 19thcentury in Hungary following the German example and the requirements of bourgeois modernity. As documents of feminine religious life are scarce, this paper is an attempt to reconstruct these 19th century changes basing on sourc...

Teljes leírás

Elmentve itt :
Bibliográfiai részletek
Szerző: Fenyves Katalin
Dokumentumtípus: Könyv része
Megjelent: 2014
Sorozat:A vallási kultúrakutatás könyvei
Hagyományláncolat és modernitás
Kulcsszavak:Zsidó vallás, Zsidók története - Magyarország - 19-20. sz.
Tárgyszavak:
Online Access:http://acta.bibl.u-szeged.hu/67211
LEADER 01538naa a2200253 i 4500
001 acta67211
005 20211122072218.0
008 200526s2014 hu o 0|| hun d
020 |a 978-963-306-283-8 
022 |a 2064-4825 
040 |a SZTE Egyetemi Kiadványok Repozitórium  |b hun 
041 |a hun 
041 |a eng 
100 1 |a Fenyves Katalin 
245 1 0 |a Jákob háza Magyarországon   |h [elektronikus dokumentum] :  |b a zsidó női vallásosság alakulása 19. században /  |c  Fenyves Katalin 
260 |c 2014 
300 |a 259-274 
490 0 |a A vallási kultúrakutatás könyvei 
490 0 |a Hagyományláncolat és modernitás 
520 3 |a Religiosity of Jewish women underwent a tremendous change during the 19thcentury in Hungary following the German example and the requirements of bourgeois modernity. As documents of feminine religious life are scarce, this paper is an attempt to reconstruct these 19th century changes basing on sources as different as archival documents of a dispute over decent head-covering of women, rabbinical articles on the proper height of women’s balcony in the synagogue, an overview of the prayer book edition for women and reactions to the tentative introduction of coming of age ceremonies for girls. 
650 4 |a Bölcsészettudományok 
650 4 |a Filozófia, etika és vallástudományok 
695 |a Zsidó vallás, Zsidók története - Magyarország - 19-20. sz. 
856 4 0 |u http://acta.bibl.u-szeged.hu/67211/1/vallasi_kulturakutatas_konyvei_011_259-274.pdf  |z Dokumentum-elérés